| 000 | 00346nam a2200133Ia 4500 | ||
|---|---|---|---|
| 008 | 220204s9999 xx 000 0 und d | ||
| 082 |
_a624.13 _bSMI |
||
| 100 | _aSmith, G N | ||
| 245 | 0 | _aElements of soil mechanics for civil and mining engineers | |
| 250 | _aEd.4 | ||
| 260 |
_aLondon _bGranada _c1971 |
||
| 650 | _aSoil mechanics | ||
| 942 | _cBK | ||
| 999 |
_c33100 _d33100 |
||